[Event "?"]
[Site "?"]
[Date "????.??.??"]
[Round "?"]
[White "Sari, Serdar"]
[Black "Bieluszewski, Piotr"]
[Result "1-0"]
[WhiteElo "1906"]
[BlackElo "2169"]
[Annotator "1-23"]
[PlyCount "103"]
[SourceDate "2004.08.09"]

1. d4 d5 2. Nc3 Nf6 3. Bg5 Ne4 4. Nxe4 dxe4 5. e3 c6 6. c3 Qd5 7. Bf4 Nd7 8. f3
Nf6 9. b3 Qd8 10. fxe4 Nxe4 11. Qc2 Nf6 12. Bd3 Nd5 13. Nf3 Qa5 14. Rc1 e6 15.
O-O Nxf4 16. exf4 g6 17. Rce1 Be7 18. Ne5 Kf8 19. b4 Qc7 20. Re3 Kg7 21. g4 f5
22. Rg3 Rf8 23. Qg2 Rf6 24. h4 Bd7 25. h5 Be8 26. Qh3 Bd6 27. gxf5 exf5 28.
Bxf5 a5 29. hxg6 hxg6 30. Qg4 Kf8 31. Bxg6 Qg7 32. Bxe8 Qxg4 33. Nxg4 Re6 34.
Bd7 Re2 35. Rg2 Rxg2+ 36. Kxg2 axb4 37. cxb4 Rxa2+ 38. Rf2 Ra4 39. Rb2 Ke7 40.
Bc8 Bxb4 41. Bxb7 Bc3 42. Bxc6 Rxd4 43. Re2+ Kf7 44. Be4 Bd2 45. Kf3 Bc1 46.
Rc2 Bd2 47. Rc7+ Ke6 48. f5+ Kd6 49. Rc6+ Kd7 50. Ne5+ Kd8 51. f6 Bb4 52. Bf5
1-0

[Event "?"]
[Site "?"]
[Date "????.??.??"]
[Round "?"]
[White "L'Henoret, Thierrie"]
[Black "O'Neill, Steve"]
[Result "1-0"]
[WhiteElo "2094"]
[BlackElo "1320"]
[Annotator "1-40"]
[PlyCount "53"]
[EventDate "2004.08.09"]
[SourceDate "2004.08.09"]

1. d4 d5 2. Nf3 Nf6 3. e3 Bf5 4. c4 e6 5. Qb3 b6 6. Nc3 Bd6 7. Bd2 O-O 8. cxd5
exd5 9. Nxd5 Ne4 10. Nc3 Nxd2 11. Nxd2 Re8 12. Qd5 Nc6 13. Qxc6 Qf6 14. Be2 h6
15. Qf3 Bd7 16. Qxf6 gxf6 17. Bf3 c6 18. Nde4 Be7 19. O-O f5 20. Ng3 Kh7 21. d5
Rac8 22. dxc6 Bxc6 23. Bxc6 Rxc6 24. Nxf5 Bf6 25. Rac1 Rec8 26. g3 Bxc3 27. Ne7
1-0

[Event "?"]
[Site "?"]
[Date "????.??.??"]
[Round "?"]
[White "Vercauteren, Daniel"]
[Black "Durik, Peter"]
[Result "0-1"]
[WhiteElo "1669"]
[BlackElo "2127"]
[Annotator "1-33"]
[PlyCount "52"]
[EventDate "2004.08.09"]
[SourceDate "2004.08.09"]

1. e4 c5 2. Nf3 Nc6 3. d4 cxd4 4. Nxd4 Nf6 5. Nc3 d6 6. Be2 g6 7. O-O Bg7 8.
Be3 O-O 9. f4 a6 10. a3 Bd7 11. Bf3 Rc8 12. Rb1 Qc7 13. Rf2 Na5 14. g3 Nc4 15.
Re2 Nxe3 16. Rxe3 e5 17. fxe5 dxe5 18. Nde2 Qb6 19. Qd3 Bh6 20. Nd1 Ba4 21.
Nec3 Bxc2 22. Qxc2 Bxe3+ 23. Kh1 Bd4 24. Qd2 Rfd8 25. Nd5 Nxd5 26. exd5 Qb3 0-1

[Event "?"]
[Site "?"]
[Date "????.??.??"]
[Round "?"]
[White "Karbowiak, Adam"]
[Black "Keough, Robert"]
[Result "1-0"]
[WhiteElo "2256"]
[BlackElo "2039"]
[Annotator "1-08"]
[PlyCount "64"]
[EventDate "2004.08.09"]
[SourceDate "2004.08.09"]

1. Nf3 Nf6 2. g3 g6 3. Bg2 Bg7 4. O-O O-O 5. c4 d6 6. Nc3 e5 7. d3 c6 8. Rb1
Nh5 9. b4 f5 10. Bg5 Qe8 11. Bd2 e4 12. Ne1 exd3 13. exd3 Nd7 14. b5 Ne5 15.
bxc6 bxc6 16. f4 Ng4 17. Nc2 Be6 18. Re1 Qd7 19. Rxe6 Qxe6 20. Bxc6 Qc8 21. Nd5
Kh8 22. Bxa8 Qxa8 23. Bb4 Qc6 24. Qd2 Re8 25. Re1 Nhf6 26. Rxe8+ Nxe8 27. Qe1
Ngf6 28. Nxf6 Nxf6 29. Qe7 Qa4 30. Bc3 Qxc2 31. Bxf6 Qb1+ 32. Kg2 Qb2+ 1-0

[Event "?"]
[Site "?"]
[Date "????.??.??"]
[Round "?"]
[White "Wantiez, Fabrice"]
[Black "de Waard, Marco"]
[Result "0-1"]
[WhiteElo "2207"]
[BlackElo "1977"]
[Annotator "1-14"]
[PlyCount "56"]
[EventDate "2004.08.09"]
[SourceDate "2004.08.09"]

1. e4 c6 2. d4 d5 3. Nc3 dxe4 4. Nxe4 Nf6 5. Ng3 h5 6. h4 Bg4 7. f3 Bf5 8. Nxf5
Qa5+ 9. c3 Qxf5 10. Bg5 Nbd7 11. Nh3 e6 12. Bd3 Qa5 13. O-O O-O-O 14. b4 Qc7
15. Qb3 Nb6 16. a4 Nbd5 17. b5 c5 18. a5 Qg3 19. b6 axb6 20. axb6 Bd6 21. Qb5
Qh2+ 22. Kf2 Bg3+ 23. Ke2 Nxc3+ 24. Kd2 Nxb5 25. Bxb5 Rxd4+ 26. Kc1 Bb8 27. Ra8
Qd6 28. Bf4 Rxf4 0-1

[Event "?"]
[Site "?"]
[Date "????.??.??"]
[Round "?"]
[White "Kilic, Mehmet"]
[Black "Wagenaar, Harm-Theo"]
[Result "1-0"]
[WhiteElo "1799"]
[BlackElo "2130"]
[Annotator "1-29"]
[PlyCount "65"]
[EventDate "2004.08.09"]
[SourceDate "2004.08.09"]

1. e4 c5 2. Nc3 Nc6 3. Bc4 e6 4. f4 g6 5. Nf3 Bg7 6. O-O Nge7 7. d3 O-O 8. Qe1
Nd4 9. Qf2 d5 10. Bb3 b5 11. a3 Rb8 12. Kh1 Nxf3 13. Qxf3 c4 14. Ba2 Bxc3 15.
bxc3 Bb7 16. Qf2 Nc8 17. f5 exf5 18. exf5 f6 19. fxg6 hxg6 20. Bh6 Rf7 21. Qg3
Ne7 22. Rae1 Rc8 23. Be3 Rc6 24. Bxa7 Qc7 25. Qf2 Rh7 26. Qf4 Qxf4 27. Rxf4 Kf7
28. Kg1 Rh8 29. a4 cxd3 30. axb5 Rc7 31. cxd3 Ra8 32. Bb1 Rxa7 33. b6 1-0

[Event "?"]
[Site "?"]
[Date "????.??.??"]
[Round "?"]
[White "Geerts, Luc"]
[Black "Cheung, Jan"]
[Result "0-1"]
[WhiteElo "1573"]
[BlackElo "2100"]
[Annotator "1-37"]
[PlyCount "96"]
[EventDate "2004.08.09"]
[SourceDate "2004.08.09"]

1. d4 Nf6 2. c4 c5 3. d5 e6 4. Nf3 exd5 5. cxd5 d6 6. Nc3 g6 7. e4 Bg7 8. Bb5+
Nbd7 9. Bf4 Qe7 10. Qa4 O-O 11. O-O a6 12. Rfe1 Ne8 13. Bg5 f6 14. Bh4 Nc7 15.
Bxd7 Bxd7 16. Qa5 Bg4 17. e5 dxe5 18. Nxe5 Rfe8 19. f3 Bf5 20. Nc4 Qd8 21.
Rxe8+ Nxe8 22. Nb6 Rc8 23. Re1 Nd6 24. Bg3 Bf8 25. b3 Bd3 26. Bxd6 Bxd6 27. Nc4
Qxa5 28. Nxa5 Be5 29. Na4 Rc7 30. Nb6 Kf7 31. Nac4 Bxc4 32. bxc4 Re7 33. g3 Bc7
34. Rxe7+ Kxe7 35. Na4 b5 36. cxb5 axb5 37. Nc3 b4 38. Nb5 Bb6 39. Kf1 c4 40.
Ke2 f5 41. h3 Bc5 42. g4 Kf6 43. f4 fxg4 44. hxg4 h5 45. d6 hxg4 46. d7 Ke7 47.
Nc7 Kxd7 48. Nd5 Ke6 0-1

[Event "?"]
[Site "?"]
[Date "????.??.??"]
[Round "?"]
[White "Mottais, Francois"]
[Black "Cooper, Lawrence"]
[Result "0-1"]
[WhiteElo "2062"]
[BlackElo "2315"]
[Annotator "1-05"]
[PlyCount "78"]
[EventDate "2004.08.09"]
[SourceDate "2004.08.09"]

1. d4 Nf6 2. c4 e6 3. Nc3 Bb4 4. Bg5 h6 5. Bh4 c5 6. d5 exd5 7. cxd5 d6 8. e3
Nbd7 9. Bb5 O-O 10. Nge2 Ne5 11. O-O Ng6 12. Bg3 Nh5 13. Bd3 Nxg3 14. Nxg3 Ne5
15. Bc2 Bxc3 16. bxc3 Qh4 17. Qh5 Qxh5 18. Nxh5 b5 19. Ng3 a5 20. f4 Nc4 21. e4
Ne3 22. Rf2 Nxc2 23. Rxc2 Re8 24. Re1 b4 25. Rce2 Ba6 26. Rb2 Bc4 27. Kf2 bxc3
28. Rc2 Bd3 29. Rxc3 c4 30. Ra3 f6 31. Nf5 Rxe4 32. Rxe4 Bxe4 33. Nxd6 Bxd5 34.
g3 c3 35. Ke3 c2 36. Kd2 Rd8 37. Rxa5 Rxd6 38. Kxc2 Kf7 39. Rc5 Bxa2 0-1

[Event "?"]
[Site "?"]
[Date "????.??.??"]
[Round "?"]
[White "Alaslar, Devrim"]
[Black "Deleyn, Gunter"]
[Result "0-1"]
[WhiteElo "2051"]
[BlackElo "2275"]
[Annotator "1-07"]
[PlyCount "87"]
[EventDate "2004.08.09"]
[SourceDate "2004.08.09"]

1. e4 g6 2. d4 Bg7 3. Nc3 d6 4. f4 Nc6 5. Be3 Nf6 6. Nf3 O-O 7. Qd2 e6 8. O-O-O
Ne7 9. h3 b6 10. g4 Bb7 11. Bd3 c5 12. g5 Nh5 13. Qf2 Nc6 14. Be2 Qe7 15. Rhg1
Nxd4 16. Nxd4 cxd4 17. Bxd4 Bxd4 18. Rxd4 Nxf4 19. Bf1 e5 20. Rd2 Rac8 21. Qe3
Rfd8 22. Bb5 d5 23. exd5 Nxd5 24. Nxd5 Rxd5 25. Rxd5 Bxd5 26. b3 a6 27. Be2 b5
28. Rd1 Be6 29. Rd2 Bf5 30. h4 Qa3+ 31. Kb1 Qc5 32. Qxc5 Rxc5 33. Kb2 a5 34. c4
b4 35. Rd6 h6 36. Kc1 hxg5 37. hxg5 e4 38. Rd5 Rxd5 39. cxd5 f6 40. gxf6 Kf7
41. Kd2 Kxf6 42. Ke3 Ke5 43. Bc4 g5 44. Ba6 0-1

[Event "?"]
[Site "?"]
[Date "????.??.??"]
[Round "?"]
[White "van de Walle, Rob"]
[Black "Donati, Roberto"]
[Result "0-1"]
[WhiteElo "1935"]
[BlackElo "2166"]
[Annotator "2-21"]
[PlyCount "77"]
[EventDate "2004.08.10"]
[SourceDate "2004.08.10"]

1. d4 Nf6 2. c4 g6 3. Nc3 Bg7 4. Nf3 d6 5. g3 O-O 6. Bg2 c6 7. O-O Qc7 8. h3 e5
9. e4 Re8 10. Re1 Nbd7 11. Be3 a6 12. Rc1 Qa5 13. d5 c5 14. Bf1 Rf8 15. Kh2 Ne8
16. Nh4 Qd8 17. Qd2 Nc7 18. a3 Rb8 19. a4 Ne8 20. Ng2 f5 21. f4 Nef6 22. exf5
gxf5 23. Be2 Kh8 24. Bd3 e4 25. Be2 Re8 26. Nd1 Nf8 27. b4 b6 28. a5 N8d7 29.
axb6 Qxb6 30. Rb1 Qc7 31. b5 axb5 32. Nc3 b4 33. Nb5 Rxb5 34. cxb5 Nb6 35. Red1
Nfxd5 36. Rf1 Bd7 37. g4 Nc3 38. Rbc1 Ra8 39. Rc2 0-1

[Event "?"]
[Site "?"]
[Date "????.??.??"]
[Round "?"]
[White "Lebrun, Roger"]
[Black "Frabrice, Wantiez"]
[Result "0-1"]
[WhiteElo "1938"]
[BlackElo "2207"]
[Annotator "2-24"]
[PlyCount "90"]
[EventDate "2004.08.10"]
[SourceDate "2004.08.10"]

1. d4 Nf6 2. Nf3 g6 3. c4 Bg7 4. Nc3 d5 5. cxd5 Nxd5 6. e4 Nxc3 7. bxc3 c5 8.
Be3 O-O 9. Qd2 Nd7 10. Bd3 e5 11. Rd1 b6 12. O-O Qe7 13. Rfe1 Bb7 14. Bh6 Rad8
15. Bxg7 Kxg7 16. d5 Nf6 17. c4 Bc8 18. h3 Nh5 19. Qc3 Rfe8 20. a4 Qf6 21. Bf1
a5 22. Re3 Bd7 23. Qa1 Qd6 24. g3 Kg8 25. Kh2 Ng7 26. Rde1 Re7 27. Bd3 Qf6 28.
Kg2 Ne8 29. Rb1 Nc7 30. Bc2 Na6 31. Rb2 Nb4 32. Bd1 Qg7 33. Rbe2 Rde8 34. Kh2
h5 35. Qc3 g5 36. Ne1 Qg6 37. f3 g4 38. fxg4 hxg4 39. h4 f5 40. exf5 Qxf5 41.
Ng2 Qf6 42. Qe1 Bf5 43. Rf2 Qg6 44. Nf4 exf4 45. Rxe7 fxg3+ 0-1

[Event "?"]
[Site "?"]
[Date "????.??.??"]
[Round "?"]
[White "Bon, Michael"]
[Black "Oystein, Hole"]
[Result "1-0"]
[WhiteElo "2163"]
[BlackElo "2332"]
[Annotator "2-04"]
[PlyCount "125"]
[SourceDate "2004.08.10"]

1. e4 c6 2. d4 d5 3. f3 e6 4. Be3 dxe4 5. Nd2 exf3 6. Ngxf3 Nd7 7. Bd3 Ngf6 8.
O-O Be7 9. Bg5 O-O 10. Qe1 Re8 11. Qh4 h6 12. Bxh6 gxh6 13. Qxh6 Bf8 14. Qh4
Bg7 15. Ng5 Nf8 16. Ndf3 Ng6 17. Bxg6 fxg6 18. Rad1 Re7 19. Ne5 Qe8 20. Rf3 c5
21. Rdf1 Nh5 22. c3 cxd4 23. cxd4 Bd7 24. g4 Bxe5 25. gxh5 gxh5 26. dxe5 Rg7
27. Rf6 Bb5 28. R1f2 Qc6 29. Qf4 Qc5 30. Rf7 Rg6 31. b4 Qc8 32. Kg2 Bd3 33. Rf6
Rg7 34. Kg3 Bf5 35. Kh4 Qc3 36. Rf3 Qe1+ 37. Rg3 Re8 38. Nf3 Qf2 39. Kxh5 Ree7
40. Qh4 Qe2 41. Qd4 Qd3 42. Qxd3 Bxd3 43. Rxg7+ Kxg7 44. Nd4 Bc4 45. h4 Bxa2
46. Kg5 b6 47. b5 Bc4 48. h5 Kh7 49. Rh6+ Kg7 50. Rg6+ Kh8 51. Kf6 Rd7 52. Nxe6
Bxb5 53. Ng5 Bc4 54. e6 Bxe6 55. Kxe6 Rc7 56. h6 Rc6+ 57. Kf5 Rc5+ 58. Kg4 Rc7
59. Kh5 b5 60. h7 Rc8 61. Kh6 Rf8 62. Rg8+ Rxg8 63. Nf7# 1-0

[Event "?"]
[Site "?"]
[Date "????.??.??"]
[Round "?"]
[White "O'Neill, Steve"]
[Black "De Cat, Ben"]
[Result "0-1"]
[WhiteElo "1320"]
[BlackElo "1988"]
[Annotator "2-39"]
[PlyCount "55"]
[SourceDate "2004.08.10"]

1. d4 Nf6 2. c4 c5 3. Nf3 cxd4 4. Nxd4 Nc6 5. Nc3 g6 6. Bf4 d6 7. e3 Bg7 8. Be2
O-O 9. O-O Bd7 10. Rc1 a6 11. Qb3 Na5 12. Qa3 e5 13. Qxd6 exf4 14. Qxf4 Nc6 15.
Rfd1 Qa5 16. a3 Rad8 17. b4 Qxa3 18. b5 Nxd4 19. exd4 axb5 20. Nxb5 Bxb5 21.
cxb5 Qd6 22. Qxd6 Rxd6 23. Rc7 b6 24. Bf3 Rfd8 25. h3 Ne8 26. Re7 Bxd4 27. Bc6
Kf8 28. Kf1 0-1

[Event "?"]
[Site "?"]
[Date "????.??.??"]
[Round "?"]
[White "Zilka, Jozef"]
[Black "van den Heuvel, Tonnie"]
[Result "0-1"]
[WhiteElo "1458"]
[BlackElo "1962"]
[Annotator "2-40"]
[PlyCount "56"]
[SourceDate "2004.08.10"]

1. d4 d5 2. Bf4 Nf6 3. e3 e6 4. Nf3 Nbd7 5. c4 c5 6. Nc3 Be7 7. dxc5 Nxc5 8.
cxd5 exd5 9. Rc1 O-O 10. Nd4 a6 11. Be2 Ne6 12. O-O Nxf4 13. exf4 Qd6 14. Nf3
Qxf4 15. Nxd5 Nxd5 16. Qxd5 Bf6 17. Rc4 Qh6 18. b3 Be6 19. Qxb7 Bxc4 20. Bxc4
a5 21. a4 Qh5 22. Rd1 Rad8 23. Re1 Qf5 24. h3 Rd7 25. Qe4 Qc5 26. Rc1 Kh8 27.
Kh2 Qd6+ 28. Ne5 Qxe5+ 0-1

[Event "?"]
[Site "?"]
[Date "????.??.??"]
[Round "?"]
[White "Benedetti, Fabrizio"]
[Black "Sari, Serdar"]
[Result "1-0"]
[WhiteElo "2199"]
[BlackElo "1906"]
[Annotator "2-15"]
[PlyCount "71"]
[SourceDate "2004.08.10"]

1. e4 d6 2. d4 Nd7 3. Nc3 c6 4. Nf3 e5 5. a4 Be7 6. Bc4 h6 7. Be3 Ngf6 8. h3
Qc7 9. O-O g5 10. dxe5 dxe5 11. Nh2 Nf8 12. Ng4 h5 13. Nxf6+ Bxf6 14. Qd2 Qe7
15. Rad1 Be6 16. Bxe6 Nxe6 17. Qd6 Qxd6 18. Rxd6 Ke7 19. Rd2 g4 20. hxg4 hxg4
21. Ne2 Rh7 22. Rfd1 Rah8 23. Ng3 Bh4 24. Nf5+ Ke8 25. Kf1 Be7 26. Rd7 Rh1+ 27.
Ke2 Nd4+ 28. R1xd4 exd4 29. Rxe7+ Kd8 30. Bg5 R1h5 31. Bf6 Rxf5 32. exf5 Rh6
33. Rxf7+ Ke8 34. Bg5 Rh5 35. Rg7 Kf8 36. f6 1-0

[Event "?"]
[Site "?"]
[Date "????.??.??"]
[Round "?"]
[White "Bellardi, Michel"]
[Black "Adkins, James"]
[Result "1-0"]
[WhiteElo "2063"]
[BlackElo "1944"]
[Annotator "2-31"]
[PlyCount "117"]
[SourceDate "2004.08.10"]

1. d4 Nf6 2. c4 e5 3. dxe5 Ng4 4. Bf4 Nc6 5. Nf3 Bb4+ 6. Nbd2 Qe7 7. e3 Ngxe5
8. Nxe5 Nxe5 9. Be2 O-O 10. O-O Bxd2 11. Qxd2 d6 12. b4 Ng6 13. Bg3 Be6 14.
Rac1 f5 15. Bf3 Rab8 16. c5 dxc5 17. Rxc5 Rbd8 18. Qc2 c6 19. Rd1 Rxd1+ 20.
Qxd1 Rd8 21. Qc2 Qf7 22. a3 Bb3 23. Qxf5 Qxf5 24. Rxf5 Be6 25. Rc5 Rd3 26. Ra5
a6 27. h3 Rb3 28. Be4 Nf8 29. Be5 Nd7 30. Bc2 b6 31. Bxb3 Bxb3 32. Rxa6 Nxe5
33. Rxb6 Ba4 34. Ra6 Bb5 35. Ra7 Nd3 36. g3 Nb2 37. f3 Kf8 38. e4 h6 39. Kg2
Nd3 40. f4 h5 41. Kf3 Nb2 42. f5 Na4 43. Kf4 c5 44. bxc5 Nxc5 45. Ra5 Nd3+ 46.
Ke3 Bc4 47. Kd4 Nb2 48. Kc3 Bd3 49. Kxb2 Bxe4 50. Kc3 Kf7 51. Kd4 Bg2 52. h4
Kf6 53. Ke3 g6 54. fxg6 Kxg6 55. Kf4 Bh1 56. Ra6+ Kg7 57. Kg5 Bf3 58. Rg6+ Kf7
59. Rf6+ 1-0

[Event "?"]
[Site "?"]
[Date "????.??.??"]
[Round "?"]
[White "Wagenaar, Harm-Theo"]
[Black "Prostler, Andre"]
[Result "1/2-1/2"]
[WhiteElo "2130"]
[BlackElo "1953"]
[Annotator "2-26"]
[PlyCount "81"]
[SourceDate "2004.08.10"]

1. d4 e6 2. Nf3 Nf6 3. e3 c5 4. Bd3 d5 5. c3 c4 6. Bc2 Nc6 7. Nbd2 b5 8. O-O b4
9. e4 bxc3 10. bxc3 Qa5 11. Bb2 Rb8 12. Qc1 Be7 13. exd5 exd5 14. Re1 O-O 15.
Ne5 Nxe5 16. dxe5 Ng4 17. Re2 Bc5 18. Rb1 Qxa2 19. h3 Nh6 20. Nf3 Bf5 21. Bxf5
Nxf5 22. Ra1 Qb3 23. Ba3 Ng3 24. Rea2 Bxa3 25. Qxa3 Ne4 26. Nd4 Qxc3 27. Qxc3
Nxc3 28. Rxa7 Nb5 29. Nxb5 Rxb5 30. Rd7 c3 31. Rc1 Rc8 32. Rxc3 Rf8 33. Rd3 d4
34. f4 f6 35. exf6 Rxf6 36. R7xd4 Rb1+ 37. Kf2 Rb2+ 38. Kf3 Rb1 39. Kf2 Rb2+
40. Kf3 Rb1 41. Kf2 1/2-1/2

[Event "?"]
[Site "?"]
[Date "????.??.??"]
[Round "?"]
[White "Cooper, Lawrence"]
[Black "Indbryn, Tommy"]
[Result "1-0"]
[WhiteElo "2315"]
[BlackElo "2129"]
[Annotator "2-05"]
[PlyCount "117"]
[SourceDate "2004.08.10"]

1. e4 c5 2. Nf3 d6 3. Bc4 Nf6 4. d3 Nc6 5. h3 e6 6. O-O Be7 7. c3 d5 8. exd5
exd5 9. Bb5 O-O 10. Bxc6 bxc6 11. c4 Bf5 12. Re1 dxc4 13. dxc4 Qxd1 14. Rxd1
Rfd8 15. Re1 Ne4 16. Bf4 Bf6 17. Be5 Bxe5 18. Nxe5 Nd2 19. Nc3 Rac8 20. b3 h5
21. Re3 Re8 22. Rd1 Ne4 23. Nxe4 Rxe5 24. Nd6 Rxe3 25. Nxc8 Re8 26. Nxa7 Ra8
27. Nxc6 Be4 28. Ne5 Bc2 29. Rd5 Rxa2 30. Rxc5 f6 31. Nc6 Bxb3 32. Nd4 Bd1 33.
Rc7 Ra1 34. Kh2 Ra6 35. c5 Ba4 36. h4 Kf8 37. c6 Ke8 38. Rxg7 Bxc6 39. Rh7 Bd7
40. Rxh5 Ra4 41. Rd5 Ke7 42. Kg3 Bc8 43. Rc5 Bd7 44. Nf5+ Kf8 45. Ne3 Kf7 46.
f3 Kg6 47. Nd5 Rd4 48. Nf4+ Kh6 49. Rd5 Rxd5 50. Nxd5 Kg6 51. Kf4 Bb5 52. g4
Bc4 53. Ne7+ Kf7 54. Nf5 Bd5 55. Nd6+ Kg6 56. Ne4 Ba8 57. h5+ Kg7 58. Kf5 Bb7
59. h6+ 1-0

[Event "?"]
[Site "?"]
[Date "????.??.??"]
[Round "?"]
[White "Adolfsen, Rico"]
[Black "Alaslar, Devrim"]
[Result "0-1"]
[WhiteElo "1707"]
[BlackElo "2051"]
[Annotator "2-34"]
[PlyCount "34"]
[SourceDate "2004.08.10"]

1. e4 c5 2. f4 d5 3. exd5 Nf6 4. c4 e6 5. dxe6 Bxe6 6. d3 Nc6 7. Nf3 Qd7 8. Nc3
Rd8 9. Be2 Be7 10. O-O O-O 11. b3 Bf5 12. Ne5 Qd4+ 13. Rf2 Qxc3 14. g4 Qxa1 15.
gxf5 Nxe5 16. fxe5 Qxe5 17. Bf4 Qd4 0-1

[Event "?"]
[Site "?"]
[Date "????.??.??"]
[Round "?"]
[White "Keough, Robert"]
[Black "Leblanc, Paul"]
[Result "1/2-1/2"]
[WhiteElo "2080"]
[BlackElo "1884"]
[Annotator "2-28"]
[PlyCount "108"]
[SourceDate "2004.08.10"]

1. e4 c6 2. d4 d5 3. Nc3 dxe4 4. Nxe4 Nf6 5. Nxf6+ exf6 6. Bf4 Be6 7. Nf3 Bd6
8. Qd2 O-O 9. Bd3 Bg4 10. Be2 Re8 11. Be3 Nd7 12. O-O-O Qc7 13. h3 Be6 14. Kb1
b5 15. g4 a5 16. g5 f5 17. Qc1 f4 18. Bd2 Bd5 19. c4 bxc4 20. Ne5 Bxh1 21. Rxh1
Nxe5 22. dxe5 Bxe5 23. Qxc4 Rab8 24. Bc1 Rb4 25. Qc2 Reb8 26. b3 a4 27. Bc4
axb3 28. Bxb3 c5 29. Bd2 R4b5 30. Qc4 R5b7 31. h4 Qd6 32. Kc2 Qd4 33. Qxd4 cxd4
34. Re1 Bd6 35. Kd3 Rd8 36. Re4 Bb8 37. Ba5 Rc8 38. Rxd4 Re7 39. Bb4 Rec7 40.
a4 g6 41. a5 Kg7 42. Bc4 Ba7 43. Rxf4 Bxf2 44. a6 Rd7+ 45. Kc2 Be3 46. Re4 Rd4
47. Bc3 Rcxc4 48. Rxe3 Kf8 49. a7 Rd8 50. Kb3 Rxh4 51. Bb4+ Kg8 52. Bd6 Ra8 53.
Bb8 Kf8 54. Bd6+ Kg7 1/2-1/2

[Event "?"]
[Site "?"]
[Date "????.??.??"]
[Round "?"]
[White "Toll, Alec"]
[Black "Schott, Guido"]
[Result "1-0"]
[WhiteElo "2091"]
[BlackElo "2195"]
[Annotator "2-16"]
[PlyCount "99"]
[SourceDate "2004.08.10"]

1. d4 d6 2. g3 g6 3. Bg2 Bg7 4. Nf3 Nf6 5. O-O O-O 6. Nbd2 Nc6 7. c3 Rb8 8. Ne1
e5 9. e3 Re8 10. f3 exd4 11. exd4 Bf5 12. Nc4 Nd5 13. Nc2 Bxc2 14. Qxc2 b5 15.
f4 Ndb4 16. Qd1 bxc4 17. a3 Nxd4 18. axb4 Nb5 19. f5 c6 20. Qf3 d5 21. f6 Bf8
22. h4 Qd7 23. Bf4 Bd6 24. Rae1 Rxe1 25. Rxe1 Re8 26. Rxe8+ Qxe8 27. Bxd6 Nxd6
28. Qf4 Nf5 29. Kf2 h5 30. Bh3 Qe4 31. Bxf5 gxf5 32. Qg5+ Kf8 33. Qg7+ Ke8 34.
Qg8+ Kd7 35. Qxf7+ Kd8 36. Qxh5 f4 37. Qh8+ Kc7 38. Qg7+ Kb6 39. Qe7 fxg3+ 40.
Kxg3 Qg6+ 41. Kf4 Qh6+ 42. Ke5 Qxh4 43. Kd6 Qh2+ 44. Qe5 Qh7 45. Qe3+ Ka6 46.
Qe7 Qh1 47. f7 d4 48. f8=Q Qd5+ 49. Kc7 d3 50. Qb8 1-0

[Event "?"]
[Site "?"]
[Date "????.??.??"]
[Round "?"]
[White "Krainski, Slawomir"]
[Black "Kilic, Mehmet"]
[Result "0-1"]
[WhiteElo "2194"]
[BlackElo "1799"]
[Annotator "2-17"]
[PlyCount "134"]
[SourceDate "2004.08.10"]

1. e4 c5 2. Nc3 Nc6 3. f4 g6 4. Nf3 Bg7 5. Bc4 d6 6. O-O e6 7. d3 Nge7 8. Qe1
Nd4 9. Nxd4 cxd4 10. Ne2 O-O 11. Bb3 Bd7 12. Ng3 Kh8 13. Bd2 Rc8 14. Bb4 Rc6
15. a4 b6 16. a5 b5 17. Qe2 a6 18. Rae1 Bc8 19. h4 f6 20. h5 e5 21. hxg6 Nxg6
22. Nh5 Bh6 23. Bd2 f5 24. fxe5 Bxd2 25. Qxd2 dxe5 26. Qh6 Qe7 27. exf5 Bxf5
28. Ng3 Rcf6 29. Qg5 Bxd3 30. Rxf6 Rxf6 31. Qg4 Bc4 32. Bxc4 bxc4 33. Qc8+ Qf8
34. Qxc4 Qf7 35. Qc5 Qf8 36. Qc7 Qf7 37. Qc5 Qf8 38. Rxe5 Nxe5 39. Qxe5 Qd6 40.
Qe8+ Rf8 41. Qe1 Qf4 42. Nf1 Kg7 43. Qe2 h5 44. c3 d3 45. Qe1 Rf5 46. Qe7+ Rf7
47. Qe1 Kg6 48. Nd2 Qg4 49. Kh1 Qe2 50. Qg3+ Kh7 51. Qg5 Qd1+ 52. Kh2 Qg4 53.
Qd5 Qf5 54. Qd4 Qf4+ 55. Qxf4 Rxf4 56. Kg3 Rf5 57. b4 Kg7 58. c4 Kf7 59. Nf3
Ke8 60. Kf2 d2 61. Ke2 Rxf3 62. gxf3 h4 63. b5 Kd7 64. bxa6 Kc6 65. c5 h3 66.
a7 Kb7 67. c6+ Kxa7 0-1

[Event "?"]
[Site "?"]
[Date "????.??.??"]
[Round "?"]
[White "Bieluszewski, Piotr"]
[Black "Koopmeiners, Karl"]
[Result "1-0"]
[WhiteElo "2169"]
[BlackElo "1955"]
[Annotator "2-25"]
[PlyCount "37"]
[EventDate "2004.08.10"]
[SourceDate "2004.08.10"]

1. e4 c6 2. d4 d5 3. Nd2 dxe4 4. Nxe4 Nd7 5. Nf3 Ngf6 6. Ng3 e6 7. Bd3 Be7 8.
O-O O-O 9. c4 c5 10. b3 cxd4 11. Nxd4 Nc5 12. Bc2 Qc7 13. Qe2 b6 14. Bb2 Bb7
15. Rac1 a5 16. Rfe1 Rfe8 17. f3 Rad8 18. Nb5 Na6 19. Nxc7 1-0

[Event "?"]
[Site "?"]
[Date "????.??.??"]
[Round "?"]
[White "Ranario, Dan"]
[Black "Geerts, Luc"]
[Result "1-0"]
[WhiteElo "2004"]
[BlackElo "1573"]
[Annotator "2-38"]
[PlyCount "111"]
[EventDate "2004.08.10"]
[SourceDate "2004.08.10"]

1. d4 d5 2. Nf3 Nf6 3. Bf4 g6 4. Nbd2 Bg7 5. e3 Bf5 6. h3 Nbd7 7. Ne5 O-O 8. g4
Be6 9. Bg2 c5 10. c3 cxd4 11. exd4 Nxe5 12. Bxe5 Nd7 13. Bxg7 Kxg7 14. Qb3 Qb6
15. O-O Rac8 16. Rae1 Rc7 17. f4 Qxb3 18. Nxb3 Nb6 19. Nc5 Bc8 20. a4 e6 21.
Rf2 Nd7 22. Nd3 b6 23. f5 Nf6 24. g5 Ne4 25. f6+ Kg8 26. Bxe4 dxe4 27. Rxe4 Rc4
28. a5 h5 29. gxh6 Kh7 30. axb6 axb6 31. Re5 Ba6 32. Nb4 Ra8 33. Rf1 Rxb4 34.
cxb4 Bxf1 35. Kxf1 Rd8 36. Rb5 Rd6 37. Ke2 Kxh6 38. Ke3 g5 39. Ke4 Kg6 40. Ke5
Rc6 41. b3 Kh5 42. d5 exd5 43. Rxd5 Kg6 44. Rd6 Rc3 45. Rxb6 Rxh3 46. b5 Rxb3
47. Rb8 Re3+ 48. Kd4 Re6 49. b6 Kxf6 50. Rh8 Kf5 51. b7 Rb6 52. b8=Q Rxb8 53.
Rxb8 g4 54. Ke3 Kg5 55. Rb5+ f5 56. Ra5 1-0

[Event "?"]
[Site "?"]
[Date "????.??.??"]
[Round "?"]
[White "Vea, Odin Blikra"]
[Black "Shea, Joseph"]
[Result "1-0"]
[WhiteElo "2075"]
[BlackElo "1585"]
[Annotator "2-33"]
[PlyCount "97"]
[EventDate "2004.08.10"]
[SourceDate "2004.08.10"]

1. e4 e6 2. d4 d5 3. Nd2 Nf6 4. e5 Nfd7 5. f4 c5 6. Ndf3 Nc6 7. c3 Qb6 8. Ne2
cxd4 9. cxd4 Bb4+ 10. Kf2 a6 11. g3 Qa7 12. Bh3 Nf8 13. Be3 Bd7 14. Rc1 Na5 15.
b3 Ba3 16. Rc2 Nc6 17. Bc1 Be7 18. a3 b5 19. Bb2 Na5 20. Qd3 Nc4 21. bxc4 bxc4
22. Qd2 Ba4 23. Rcc1 Rb8 24. Nc3 Qd7 25. Bf1 Bd8 26. Be2 Ba5 27. Bd1 Bxd1 28.
Rhxd1 Rb6 29. Qc2 Qb7 30. Na4 Rb5 31. Nc5 Qb6 32. Bc3 Bxc3 33. Qxc3 Nd7 34.
Nxd7 Kxd7 35. Nd2 Rb8 36. Rb1 Qc7 37. Rb4 a5 38. Rxb5 Rxb5 39. Rb1 Rxb1 40.
Nxb1 Qb6 41. Nd2 Ke7 42. Ke3 h5 43. Qc2 Qb5 44. Nb1 g6 45. Nc3 Qb6 46. Qb1 Qxb1
47. Nxb1 Kd7 48. a4 Ke7 49. Nc3 1-0

[Event "?"]
[Site "?"]
[Date "????.??.??"]
[Round "?"]
[White "Cheung, Jan"]
[Black "Skindzier, Saturnin"]
[Result "0-1"]
[WhiteElo "2100"]
[BlackElo "2247"]
[Annotator "2-10"]
[PlyCount "66"]
[EventDate "2004.08.10"]
[SourceDate "2004.08.10"]

1. d4 Nf6 2. c4 e6 3. Nf3 Bb4+ 4. Bd2 Qe7 5. g3 O-O 6. Bg2 Nc6 7. O-O Bxd2 8.
Qxd2 d6 9. Nc3 e5 10. d5 Nb8 11. e4 a5 12. Ne1 Nbd7 13. Nd3 Nc5 14. Nxc5 dxc5
15. f4 Ne8 16. b3 Bd7 17. a4 Ra6 18. Rae1 exf4 19. gxf4 Rh6 20. Rf3 Nd6 21. Qf2
Re8 22. e5 Nf5 23. Ne4 b6 24. Rd3 Qh4 25. Qxh4 Rxh4 26. Rf1 Nd4 27. Ng3 Bg4 28.
Rf2 Bd7 29. Ne4 Rxf4 30. Rxd4 Rxf2 31. Kxf2 cxd4 32. Ke2 Rxe5 33. Kd3 f5 0-1